Statistiques concernant Anglais voc difficile A

Cliquez ici pour prendre le quiz!

Statistiques générales

  • Ce quiz a été pris 100 fois
  • Le résultat moyen est 7 sur 53

Statistiques - réponses

FrançaisAnglais% Correct
à l'étrangerabroad
63%
en faitactually
49%
avoir les moyens deafford
47%
éviteravoid
46%
abordableaffordable
34%
anticiperanticipate
33%
honteuxashamed
30%
objectifaim
29%
précisaccurate
28%
reconnaitreacknowledge
25%
se disputerargue/quarrel
25%
amusantamusing
24%
réussirachieve
23%
conseil/préveniradvise
22%
supposerassume
21%
allouerallocate
15%
assister àattend
15%
vente aux enchèresauction
15%
surprenantamazing
11%
ajourneradjourn
9%
annulerannul
9%
attirerappeal
9%
essayerattempt
9%
fort/aiguacute
8%
annonceadvertisement
8%
soulageralleviate
8%
confierassign
8%
responsableaccountable
7%
postulerapply for
7%
évaluerassess
7%
évaluationassessment
7%
missonassignment
7%
brutalabrupt
6%
affirmerassert
6%
séduisantalluring
5%
maladroitawkward
5%
respecterabide by
3%
défendre/préconiseradvocate
3%
désoléapologetic
3%
gamme/assortimentassortment
3%
assurémentassuredly
3%
étonnantastounding
3%
défavorableadverse
2%
bien quealbeit
2%
changeralter
2%
impatient deanxious
2%
épouvantableappaling
2%
gammearray
2%
inflexibleadamant
1%
apaiserallay
1%
évaluationappraisal
1%
prendre soin deattend to
1%
éviteravert
1%

Distribution des résultats

Percentile par nombre de réponses

% des personnes avec chaque résultat

Votre développement - résultats

Vous n’avez pas pris ce quiz